000 00725nam a2200205Ii 4500
003 JO-AjNU
008 230605s9999||||xx |||||||||||||| ||und||
017 _a2012/6/2049
040 _aJO-AjNU
_bara
_erda
_cJO-AjNU
041 _aara
050 1 4 _aPK1718.T24.A612 2012
100 3 _aتأليف طاغور,
_eauthor
_947737
245 0 0 _aروائع طاغور في الشعر: جيتناني - جني الثمار - البستاني - الهلال
264 3 1 _aعمان:وزارة الثقافة،2012
300 _a382ص
336 _atext
_btxt
_2rdacontent
337 _aunmediated
_bn
_2rdamedia
338 _avolume
_bnc
_2rdacarrier
650 4 _aالشعر الهندي - المسرحيات الهندية
_947738
999 _aA20860
_c24428
_d24428